The encyclopaedia of garden pests and diseases / (Record no. 131849)

MARC details
000 -LEADER
fixed length control field 00680nam a22002297a 4500
005 - DATE AND TIME OF LATEST TRANSACTION
control field 20170124110144.0
010 ## - LIBRARY OF CONGRESS CONTROL NUMBER
LC control number 139144
020 ## - INTERNATIONAL STANDARD BOOK NUMBER
Terms of availability 00.00
035 ## - SYSTEM CONTROL NUMBER
System control number 139144
037 ## - SOURCE OF ACQUISITION
Source of stock number/acquisition Cen Lib/Ret
040 ## - CATALOGING SOURCE
Original cataloging agency DPL
Language of cataloging EN
082 ## - DEWEY DECIMAL CLASSIFICATION NUMBER
Classification number 635
Item number KON
100 ## - MAIN ENTRY--PERSONAL NAME
Personal name Konynenburg, J.Van
9 (RLIN) 32988
245 ## - TITLE STATEMENT
Title The encyclopaedia of garden pests and diseases /
Statement of responsibility, etc by J.Van Konynenburg [and] W.N.Lawfield
260 ## - PUBLICATION, DISTRIBUTION, ETC. (IMPRINT)
Name of publisher, distributor, etc W.H.& L.Collingridge Limited
Date of publication, distribution, etc 1958
Place of publication, distribution, etc London
270 ## - ADDRESS
Address 2-10, Tavistock Street
300 ## - PHYSICAL DESCRIPTION
Extent 214p. :
Dimensions 21cm(Hb)
Other physical details ill.
650 ## - SUBJECT ADDED ENTRY--TOPICAL TERM
Topical term or geographic name as entry element Garden pests
9 (RLIN) 32989
650 ## - SUBJECT ADDED ENTRY--TOPICAL TERM
Topical term or geographic name as entry element Pesticides
9 (RLIN) 32990
700 ## - ADDED ENTRY--PERSONAL NAME
Personal name Lawfield, W.N.
9 (RLIN) 32991
942 ## - ADDED ENTRY ELEMENTS (KOHA)
Source of classification or shelving scheme Dewey Decimal Classification
Koha item type English Books
Classification part 635
Call number suffix KON
Holdings
Withdrawn status Lost status Damaged status Not for loan Home library Current library Date acquired Source of acquisition Cost, normal purchase price Total Checkouts Full call number Barcode Date last seen Copy number Cost, replacement price Price effective from Koha item type Public note
Written off       Central Library Central Library 16/07/2015 Cen Lib/Ret 0.00   635 KON 139144 16/07/2015 1 0.00 16/07/2015 English Books Written off on approval by DLB (By Circulation); dtd 15-06-2023

© Delhi Public Library
Hit Counter
free hit counter